Contemporary Management: (Record no. 206680)

MARC details
000 -LEADER
fixed length control field 00728nam a22002177a 4500
005 - DATE AND TIME OF LATEST TRANSACTION
control field 20241122142535.0
010 ## - LCCN (DPL NO)
LC control number ENG-142324
020 ## - INTERNATIONAL STANDARD BOOK NUMBER
Terms of availability 500.00
International Standard Book Number 9789392151279
035 ## - SYSTEM CONTROL NUMBER
System control number EN-125856
037 ## - SOURCE OF ACQUISITION
Source of stock number/acquisition DBAD
082 ## - DEWEY DECIMAL CLASSIFICATION NUMBER
Classification number 637.1
Edition number First
245 ## - TITLE STATEMENT
Title Contemporary Management:
Remainder of title Reserch Practices Volume-2/
Statement of responsibility, etc Editd by P. Aranganathan , S. Christina Sheela and R. V. Suresh
250 ## - EDITION STATEMENT
Edition statement First
260 ## - PUBLICATION, DISTRIBUTION, ETC. (IMPRINT)
Place of publication, distribution, etc Tamil Nadu
Name of publisher, distributor, etc First Book Publishing
Date of publication, distribution, etc 2024
270 ## - ADDRESS
City Tamil Nadu
Address 61, 66 T. P. K. Main Road, Vasantha Nagar, Madurai,
Postal code 625003
300 ## - PHYSICAL DESCRIPTION
Extent 377p.
Dimensions 25cm(pbk)
700 ## - ADDED ENTRY--PERSONAL NAME
Personal name Sheela, Christina S.
9 (RLIN) 73342
700 ## - ADDED ENTRY--PERSONAL NAME
Personal name Suresh, R. V.
9 (RLIN) 73343
760 ## - MAIN SERIES ENTRY
Edition First
942 ## - ADDED ENTRY ELEMENTS (KOHA)
Source of classification or shelving scheme Dewey Decimal Classification
Item type English Books
Classification part 637.1
Call number suffix CON
Edition 2024
Holdings
Withdrawn status Lost status Not for loan Collection code Home library Current library Date acquired Source of acquisition Cost, normal purchase price Full call number Barcode Copy number Cost, replacement price Koha item type
      Non-fiction Bawana Bawana 24/10/2024 DBAD 500.00 637.1 CON EN-125856 1 500.00 English Books

© Delhi Public Library
Hit Counter
free hit counter